01752nam a2200277Ia 4500003000400000005001700004008004100021020001800062040002100080041001300101082002700114111009600141245010900237260007800346300002900424440001600453490003900469505067200508546003601180650003201216650003401248650003001282942001201312999001701324952013301341OSt20210610142743.0210310s1986 ck gr 001 0 spa d a9589589509681 aCO-JMCRcCO-JMCR0 hengaspa0 a331.25923 /bS471f2232 aSeminario Internacional sobre Rehabilitación del MinusválidocBogotá)d(1985 :93833010aFormación y trabajo camino hacia la integración social / cMinisterio de trabajo y seguridad social aBogotá : bDirección general del servicio nacional de empleo, c1985. a206 páginas ; c24 cm. a#N/A9266770 aBiblioteca Senalde ; vVolumen 10 0 tDiscurso pronunciado por el ministro (E.) de trabajo y seguridad social. / rGermán Alberto Bulla Escobar. -- tDerecho al trabajo. Ponencia elaborada por los profesores. / rLuis Enrique de la Villa Gíl ; Juan Antonio Sagardoy tRehabilitación y desarrollo de personas con limitaciones: una perspectiva internacional sobre algunas desafíos pendientes y futuras perspectivas. /rRami Rabby. -- tAlternativas de trabajo para personas limitadas. / rSam Niwa. -- tComentario a la ponencia sobre "Alternativas de trabajo para las personas discapacitas". / rSam Niwa. -- tAlternativas de formación profesional para minusválidos. / rRicardo Cerda Montes. aTextos en español e Inglés.14aFormación laboral 93833104aTrabajo xformación 93833204aTrabajo xponencia938333 2ddccBK c11873d11873 00102ddc4070aCPLbCPLcGENd2018-04-15eDonación o331.25923 / S471fp430003096r2024-05-16 00:00:00tEj.1w2021-03-10yBK